[Event "San Francisco TNM Jay Whitehead op"]
[Site "San Francisco"]
[Date "2014.09.16"]
[Round "7"]
[White "Plants, Tyler"]
[Black "Louie, Henry"]
[Result "0-1"]
[WhiteElo "908"]
[BlackElo "1509"]
[PlyCount "52"]
[EventDate "2014.08.05"]
[EventType "swiss"]
[EventRounds "9"]
[EventCountry "USA"]
[SourceTitle "EXT 2016"]
[Source "ChessBase"]
[SourceDate "2015.10.08"]
[SourceVersion "1"]
[SourceVersionDate "2015.10.08"]
[SourceQuality "1"]

1. e4 e5 2. Nf3 Nc6 3. Nc3 Nf6 4. d4 exd4 5. Nxd4 Ne5 6. Bf4 d6 7. Be2 Be7 8. 0-0 0-0 9. Nf3 Ng6 10. Bg5 h6 11. Bxf6 Bxf6 12. Rb1 Bxc3 13. bxc3 b6 14. Bc4 Bb7 15. Re1 Qf6 16. Qd2 Rad8 17. Bd5 c6 18. Bb3 Rfe8 19. c4 Bc8 20. Rbd1 Bg4 21. Qe3 Ne5 22. Rd2 Bxf3 23. gxf3 Nxf3+ 24. Kf1 Nxe1 25. Qxe1 Qf3 26. Re2 Qh1# 0-1